000 00624nam a22001937a 4500
005 20251108170832.0
008 250721s1982 xx 000 0 ara d
082 1 4 _aط/537/بول
100 1 _aبول، دوروني
_eمؤلف
245 1 0 _aالمغنطيسية والكهرباء /
264 1 _aبيروت :
_bمكتبة لبنان،
_c1982].
300 _a51ص
490 0 _aكتب الفراشة : دنيا العلوم للأطفال
_v4
650 1 7 _aالكهرباء
650 1 7 _aالمغناطيسية
653 _aأطفال مرحلة متوسطة (6-9 سنوات)
942 _2ddc
_cBK
999 _c50128
_d50128